000 00233nam a2200121Ia 4500
100 _a#N/A
942 _cBK
245 _aInformation technology for management
260 _b#N/A
082 _b5513
546 _aENGLISH
999 _c18977
_d18977